| 000 | 00412nam a2200109Ia 4500 | ||
|---|---|---|---|
| 008 | 220620s9999||||xx |||||||||||||| ||und|| | ||
| 245 | 0 | _aTechnology and Women's Empowerment | |
| 546 | _aEnglish[eng] | ||
| 650 | _aGender and economics; ICT and women's empowerment; labour market; technological progress; women's social and economic development; women's economic empowerment | ||
| 700 | _aLechman, Ewa | ||
| 942 | _cEB | ||
| 999 |
_c34572 _d34572 |
||